|
|
|
|
| LEADER |
00000nab#a22000007a#4500 |
| 001 |
arbauad018895 |
| 003 |
AR-BaUAD |
| 005 |
20250711111648.0 |
| 008 |
960418|||||||||###||||||b###|0###a|spa|| |
| 040 |
|
|
|a AR-BaUAD
|c AR-BaUAD
|b spa
|
| 245 |
1 |
0 |
|a Macht Dampf
|
| 300 |
0 |
|
|b fot.
|
| 653 |
|
|
|a ITALIA
|
| 653 |
|
|
|a ALEMANIA
|
| 653 |
|
|
|a HOSOE, ISAO
|
| 653 |
|
|
|a RIBET, SAM
|
| 653 |
|
|
|a KUNZ, PETER
|
| 653 |
|
|
|a GASSER, BEAT
|
| 653 |
|
|
|a GOLLNICK, CARSTEN
|
| 653 |
|
|
|a TRAUERNICHT, GERT
|
| 653 |
|
|
|a EQUIPAMIENTO
|
| 653 |
|
|
|a COCINAS
|
| 653 |
|
|
|a UTENSILIOS
|
| 653 |
|
|
|a CAFETERAS
|
| 653 |
|
|
|a ACEITERAS
|
| 653 |
|
|
|a VINAGRERAS
|
| 653 |
|
|
|a CUBIERTOS
|
| 653 |
|
|
|a DISEÑO INDUSTRIAL
|
| 773 |
0 |
|
|t MD moebel design
|g no. 2 [1994], p. 50-53
|
| 942 |
|
|
|c ARTI
|
| 952 |
|
|
|0 0
|1 0
|4 0
|7 0
|9 63815
|a AR-BAuAD
|b AR-BAuAD
|d 2025-07-11
|l 0
|p AAQA018895
|r 2025-07-11 11:16:48
|w 2025-07-11
|y ARTI
|
| 990 |
|
|
|a DI199
|b TD
|
| 998 |
|
|
|a AAQ
|b BIBUN76
|
| 999 |
|
|
|c 43488
|d 43488
|